| 000 | 00729cam a22002414a 4500 | ||
|---|---|---|---|
| 999 |
_c5960 _d5960 |
||
| 001 | 1923 | ||
| 003 | BD-DhUAP | ||
| 005 | 20201223101934.0 | ||
| 008 | 201222s1987 nyuab b 001 0 eng | ||
| 020 | _a0255037175 | ||
| 040 |
_aDLC _cDLC _dBD-DhUAP |
||
| 082 | 0 | 0 |
_a658.4012 THO _223 |
| 100 | 1 | _aThompson, Arthur A. | |
| 245 | 1 | 0 |
_aStrategic management : _bconcepts and cases / _cArthur A. Thompson and A. J. Strickland. |
| 250 | _a4th ed. | ||
| 260 |
_aPlano, Texas : _bBusiness publiction, _cc1987. |
||
| 300 |
_axviii, 1054 pages : _billustrations ; _c25 cm. |
||
| 500 | _aIncludes index. | ||
| 650 | 0 | _aStrategic planning. | |
| 650 | 0 |
_aStrategic planning _xCase studies. |
|
| 700 | 1 | _aStrickland, A. J. | |
| 942 |
_2ddc _cBK |
||